| 000 | 00405nam a2200157 4500 | ||
|---|---|---|---|
| 001 | 122087 | ||
| 003 | ES-MaACL | ||
| 005 | 20230906191914.0 | ||
| 007 | t| | ||
| 008 | 070214s1970 sp r ||||1| spa d | ||
| 100 | 1 |
_aPott, Lucas. _993387 |
|
| 245 | 1 | 1 |
_a"Simi` _b: (coctel) / _cLucas Pott. |
| 260 |
_aBarcelona : _bAriel, _c1970. |
||
| 300 |
_a253 p. ; _c18 cm. |
||
| 852 |
_aES-MaACL _jC-44386 _bR.73394 |
||
| 999 |
_c122087 _d122087 |
||